|
|
|
|
| LEADER |
03311nam a2200445 a 4500 |
| 001 |
15077966 |
| 003 |
BD-DhAAL |
| 005 |
20260106152201.0 |
| 008 |
100824r20112008nyua b 001 0 eng d |
| 010 |
|
|
|a 2007941224
|
| 020 |
|
|
|a 9780230226999
|
| 020 |
|
|
|a 9780716771081
|
| 020 |
|
|
|a 071677108X
|
| 040 |
|
|
|a DLC
|c DLC
|d DLC
|d DB-DhAAL
|
| 082 |
0 |
0 |
|a 572
|2 22
|
| 100 |
1 |
|
|a Lehninger, Albert L.
|9 29715
|
| 245 |
1 |
0 |
|a Lehninger principles of biochemistry /
|c David L. Nelson, Michael M. Cox.
|
| 246 |
3 |
0 |
|a Principles of biochemistry
|
| 250 |
|
|
|a Fifth edition.
|
| 260 |
|
|
|a New York :
|b W.H. Freeman,
|c c2008 [Reprinted 2011].
|
| 300 |
|
|
|a 1 v. (various pagings) :
|b ill. (some col.) ;
|c 29 cm.
|
| 504 |
|
|
|a Includes bibliographical references and index.
|
| 541 |
1 |
|
|e 00020797
|
| 650 |
|
0 |
|a Biochemistry.
|
| 700 |
1 |
|
|a Nelson, David L.
|q (David Lee),
|d 1942-
|9 59068
|
| 700 |
1 |
|
|a Cox, Michael M.
|9 59069
|
| 852 |
4 |
|
|a Ayesha Abed Library
|j General Shelf.
|
| 942 |
|
|
|2 ddc
|c BK
|0 11
|
| 999 |
|
|
|c 9310
|d 9310
|
| 952 |
|
|
|0 0
|1 0
|2 ddc
|4 0
|6 572_LEH_200800000000000
|7 0
|9 11732
|a BRACUL
|b BRACUL
|d 2010-08-24
|e Karim International
|g 2.00
|l 45
|m 254
|o 572 LEH
|p 3010020797
|r 2024-12-18
|s 2024-09-27
|t 1
|w 2010-08-24
|y BK
|
| 952 |
|
|
|0 0
|1 0
|2 ddc
|4 0
|6 572_LEH_200800000000000
|7 0
|9 11733
|a BRACUL
|b BRACUL
|c GEN
|d 2010-08-24
|e Karim International
|g 2.00
|l 38
|m 304
|o 572 LEH
|p 3010020798
|r 2026-04-23
|s 2026-04-18
|t 2
|w 2010-08-24
|y BK
|
| 952 |
|
|
|0 0
|1 0
|2 ddc
|4 0
|6 572_000000000000000_LEH
|7 0
|9 11734
|a BRACUL
|b BRACUL
|c GEN
|d 2010-08-24
|e Karim International
|g 2390.00
|l 46
|m 249
|o 572 LEH
|p 3010020799
|r 2025-09-11
|s 2025-06-29
|t 3
|w 2010-08-24
|y BK
|
| 952 |
|
|
|0 0
|1 0
|2 ddc
|4 1
|6 572_000000000000000_LEH
|7 0
|9 11735
|a BRACUL
|b BRACUL
|c SPS
|d 2010-08-24
|e Karim International
|g 2.00
|l 27
|m 196
|o 572 LEH
|p 3010020800
|r 2020-02-23
|s 2020-02-17
|t 4
|w 2010-08-24
|y BK
|x Photocopy Book. Declared as Damaged on December 10, 2023
|
| 952 |
|
|
|0 0
|1 0
|2 ddc
|4 0
|6 572_LEH_200800000000000
|7 0
|9 18838
|a BRACUL
|b BRACUL
|c GEN
|d 2011-12-12
|e PARASH PUBLISHERS
|g 2287.00
|l 30
|m 238
|o 572 LEH
|p 3010024054
|r 2025-11-06
|s 2025-11-06
|t 5
|w 2011-12-13
|y BK
|
| 952 |
|
|
|0 0
|1 0
|2 ddc
|4 0
|6 572_LEH_200800000000000
|7 0
|9 18839
|a BRACUL
|b BRACUL
|c GEN
|d 2011-12-12
|e PARASH PUBLISHERS
|g 2287.00
|l 38
|m 292
|o 572 LEH
|p 3010024055
|q 2026-05-21
|r 2025-11-24
|s 2025-11-24
|t 6
|w 2011-12-13
|y BK
|
| 952 |
|
|
|0 0
|1 0
|2 ddc
|4 0
|6 572_LEH_200800000000000
|7 0
|9 18840
|a BRACUL
|b BRACUL
|c GEN
|d 2011-12-12
|e PARASH PUBLISHERS
|g 2287.00
|l 27
|m 196
|o 572 LEH
|p 3010024056
|r 2025-05-06
|s 2025-05-06
|t 7
|w 2011-12-13
|y BK
|
| 952 |
|
|
|0 0
|1 0
|2 ddc
|4 0
|6 572_000000000000000_LEH
|7 0
|9 18841
|a BRACUL
|b BRACUL
|c GEN
|d 2011-12-12
|e PARASH PUBLISHERS
|g 2287.00
|l 32
|m 190
|o 572 LEH
|p 3010024057
|r 2025-01-19
|s 2024-12-17
|t 8
|w 2011-12-13
|y BK
|x Koha Inventory 2020
|
| 952 |
|
|
|0 0
|1 0
|2 ddc
|4 0
|6 572_000000000000000_LEH
|7 0
|9 21175
|a BRACUL
|b BRACUL
|d 2012-10-02
|e Parash Publications
|g 2620.00
|l 34
|m 259
|o 572 LEH
|p 3010026043
|r 2026-05-06
|s 2026-05-06
|t 9
|w 2012-10-02
|y BK
|
| 952 |
|
|
|0 0
|1 0
|2 ddc
|4 1
|6 572_000000000000000_LEH
|7 0
|9 21176
|a BRACUL
|b BRACUL
|d 2012-10-02
|e Parash Publications
|g 2620.00
|l 37
|m 292
|o 572 LEH
|p 3010026044
|r 2025-02-20
|s 2025-02-20
|t 10
|w 2012-10-02
|y BK
|x Permanently damaged and unrepairable.
|
| 952 |
|
|
|0 0
|1 0
|2 ddc
|4 0
|6 572_000000000000000_LEH
|7 0
|9 21177
|a BRACUL
|b BRACUL
|c GEN
|d 2012-10-02
|e Parash Publications
|g 2620.00
|l 41
|m 293
|o 572 LEH
|p 3010026045
|q 2026-06-02
|r 2025-12-13
|s 2025-12-13
|t 11
|w 2012-10-02
|y BK
|